000 00365nam a22001337a 4500
020 _a059600011
082 _222
_a005.8
100 _aBarrett, Daniel J and Silverman, Richard E.
245 _aSSM, the secure shell :
_bthe definitive guide /
250 _a1st ed,
260 _aEngland,
_bO'Reilly,
_cc2001.
300 _axv, 540p. ;
_bill. ;
_c23 cm.
942 _2ddc
_cIT
999 _c2160
_d2160